MARC details
| 000 -LEADER |
| fixed length control field |
02243nam a2200301 a 4500 |
| 008 - FIXED-LENGTH DATA ELEMENTS--GENERAL INFORMATION |
| fixed length control field |
080909s1996 ||||||||||||||||| || u |
| 020 ## - INTERNATIONAL STANDARD BOOK NUMBER |
| International Standard Book Number |
8120313666 |
| 050 ## - LIBRARY OF CONGRESS CALL NUMBER |
| Classification number |
HG 4028.C4 Buc |
| 100 ## - MAIN ENTRY--PERSONAL NAME |
| Personal name |
Buckley, Adrian |
| 245 10 - TITLE STATEMENT |
| Title |
International capital budgeting |
| Statement of responsibility, etc. |
Adrian Buckley |
| 260 ## - PUBLICATION, DISTRIBUTION, ETC. |
| Place of publication, distribution, etc. |
New Delhi |
| Name of publisher, distributor, etc. |
Prentice Hall |
| Date of publication, distribution, etc. |
1996 |
| 300 ## - PHYSICAL DESCRIPTION |
| Extent |
ix, 373 pages : illustrations |
| 350 ## - |
| -- |
39500.00 |
| 500 ## - GENERAL NOTE |
| General note |
SB LIBRARY HAS 11 COPIES |
| 650 ## - SUBJECT ADDED ENTRY--TOPICAL TERM |
| Topical term or geographic name entry element |
CAPITAL INVESTMENTS |
| 650 #0 - SUBJECT ADDED ENTRY--TOPICAL TERM |
| Topical term or geographic name entry element |
FINANCE--DEVELOPING COUNTRIES |
| 650 ## - SUBJECT ADDED ENTRY--TOPICAL TERM |
| Topical term or geographic name entry element |
CAPITAL BUDGETING |
| 995 ## - |
| -- |
ANNEX COLLECTION (Main Library) |
| -- |
39500.00 |
| -- |
738400 |
| -- |
CBU-MAIN LIBRARY (Kitwe) |
| -- |
1 |
| -- |
0.00 |
| -- |
HG 4028.C4 Buc |
| -- |
1 |
| -- |
AVAILABLE |
| -- |
Sep 9, 2008 |
| -- |
738400 |
| -- |
Annex Low-Usage Collection |
| 995 ## - |
| -- |
ANNEX COLLECTION (Main Library) |
| -- |
39500.00 |
| -- |
738404 |
| -- |
CBU-MAIN LIBRARY (Kitwe) |
| -- |
1 |
| -- |
0.00 |
| -- |
HG 4028.C4 Buc |
| -- |
5 |
| -- |
AVAILABLE |
| -- |
Sep 9, 2008 |
| -- |
738404 |
| -- |
Annex Low-Usage Collection |
| 995 ## - |
| -- |
TEXTBOOKS (SB) |
| -- |
39500.00 |
| -- |
1857 |
| -- |
CBU-SCHOOL TEXTBOOK COLLECTIONS |
| -- |
1 |
| -- |
0.00 |
| -- |
SCHOOL TEXTBOOK |
| -- |
10 |
| -- |
AVAILABLE |
| -- |
Sep 23, 2009 |
| -- |
1857 |
| -- |
School Collections |
| 995 ## - |
| -- |
TEXTBOOKS (SB) |
| -- |
39500.00 |
| -- |
1855 |
| -- |
CBU-SCHOOL TEXTBOOK COLLECTIONS |
| -- |
1 |
| -- |
0.00 |
| -- |
SCHOOL TEXTBOOK |
| -- |
8 |
| -- |
AVAILABLE |
| -- |
Sep 23, 2009 |
| -- |
1855 |
| -- |
School Collections |
| 995 ## - |
| -- |
TEXTBOOKS (SB) |
| -- |
39500.00 |
| -- |
1856 |
| -- |
CBU-SCHOOL TEXTBOOK COLLECTIONS |
| -- |
1 |
| -- |
0.00 |
| -- |
SCHOOL TEXTBOOK |
| -- |
9 |
| -- |
AVAILABLE |
| -- |
Sep 23, 2009 |
| -- |
1856 |
| -- |
School Collections |
| 995 ## - |
| -- |
ANNEX COLLECTION (Main Library) |
| -- |
39500.00 |
| -- |
738401 |
| -- |
CBU-MAIN LIBRARY (Kitwe) |
| -- |
1 |
| -- |
0.00 |
| -- |
HG 4028.C4 Buc |
| -- |
2 |
| -- |
AVAILABLE |
| -- |
Sep 9, 2008 |
| -- |
738401 |
| -- |
Annex Low-Usage Collection |
| 995 ## - |
| -- |
ANNEX COLLECTION (Main Library) |
| -- |
39500.00 |
| -- |
738403 |
| -- |
CBU-MAIN LIBRARY (Kitwe) |
| -- |
1 |
| -- |
0.00 |
| -- |
HG 4028.C4 Buc |
| -- |
4 |
| -- |
AVAILABLE |
| -- |
Sep 9, 2008 |
| -- |
738403 |
| -- |
Annex Low-Usage Collection |
| 995 ## - |
| -- |
TEXTBOOKS (SB) |
| -- |
39500.00 |
| -- |
1853 |
| -- |
CBU-SCHOOL TEXTBOOK COLLECTIONS |
| -- |
1 |
| -- |
0.00 |
| -- |
SCHOOL TEXTBOOK |
| -- |
6 |
| -- |
AVAILABLE |
| -- |
Sep 23, 2009 |
| -- |
1853 |
| -- |
School Collections |
| 995 ## - |
| -- |
ANNEX COLLECTION (Main Library) |
| -- |
39500.00 |
| -- |
738402 |
| -- |
CBU-MAIN LIBRARY (Kitwe) |
| -- |
1 |
| -- |
0.00 |
| -- |
HG 4028.C4 Buc |
| -- |
3 |
| -- |
AVAILABLE |
| -- |
Sep 9, 2008 |
| -- |
738402 |
| -- |
Annex Low-Usage Collection |
| 995 ## - |
| -- |
TEXTBOOKS (SB) |
| -- |
39500.00 |
| -- |
1854 |
| -- |
CBU-SCHOOL TEXTBOOK COLLECTIONS |
| -- |
1 |
| -- |
0.00 |
| -- |
SCHOOL TEXTBOOK |
| -- |
7 |
| -- |
AVAILABLE |
| -- |
Sep 23, 2009 |
| -- |
1854 |
| -- |
School Collections |
| 999 ## - |
| -- |
77522 |
| -- |
77522 |